| 000 | 00719nam a2200217 i 4500 | ||
|---|---|---|---|
| 001 | bgj | ||
| 100 | 1 | _aCROSS, David. | |
| 245 | 1 | 0 |
_aA Practical Handbook of Language Teaching / _cDavid Cross ; edited by C. Vaughan James. |
| 260 |
_aHemel Hempstead, England : _bPhoenix ELT, _c1995. |
||
| 300 |
_aVIII, 296 pp : _bill. ; _c25 cm. |
||
| 500 | _aThis edition was 1st published 1992 by Prentice Hall Europe. | ||
| 650 | 9 |
_aLanguage and languages _xStudy and teaching |
|
| 650 | 9 |
_aLanguage teachers _xTraining of |
|
| 700 | 1 |
_aJAMES, C. Vaughan. _eed. |
|
| 020 | _a0133809579 (pbk) | ||
| 040 | _cBPK | ||
| 041 | 0 | _aeng | |
| 920 | _a0-13-380957-9 (pbk) | ||
| 942 | _cKS | ||
| 008 | s uk f |000 0 eng | ||
| 999 |
_c48184 _d48184 |
||
| 856 |
_uhttp://koha.tu.koszalin.pl/cgi-bin/koha/opac-detail.pl?biblionumber=48184 _yKatalog online BPK |
||